Thermal Engineering (Record no. 12106)

000 -LEADER
fixed length control field 00409nam a22001457a 4500
008 - FIXED-LENGTH DATA ELEMENTS--GENERAL INFORMATION
fixed length control field 220519b 2015 ||||| |||| 00| 0 eng d
020 ## - INTERNATIONAL STANDARD BOOK NUMBER
International Standard Book Number 9789383750238
082 ## - DEWEY DECIMAL CLASSIFICATION NUMBER
Classification number 620
Item number THO
100 ## - MAIN ENTRY--PERSONAL NAME
Personal name Thombre-Patil, Vinod
245 ## - TITLE STATEMENT
Title Thermal Engineering
Remainder of title second year diploma course in mechanical engineering
250 ## - EDITION STATEMENT
Edition statement 2nd
260 ## - PUBLICATION, DISTRIBUTION, ETC. (IMPRINT)
Place of publication, distribution, etc Pune
Name of publisher, distributor, etc Nirali Prakashan
Date of publication, distribution, etc 2015
300 ## - PHYSICAL DESCRIPTION
Extent 1.1 to 6.42p.
942 ## - ADDED ENTRY ELEMENTS (KOHA)
Item type Gratis Books
Holdings
Withdrawn status Lost status Source of classification or shelving scheme Damaged status Not for loan Collection code Permanent location Current location Shelving location Date acquired Full call number Barcode Date last seen Koha item type Public note
          Non-fiction IMU-MPC Library IMU-MPC Library General Stacks 2022-05-19 620 THO MPCG0448 2025-03-17 Gratis Books Column - 29
Copyright © 2021 Indian Maritime University, Mumbai Port Campus. All Rights Reserved. Managed & Maintained by Central Library, IMU-Mumbai

webs counters

Powered by Koha